Pembudayaan teknologi maklumat sebagai penyuluh ke abad baru (Record no. 94175)

MARC details
000 -LEADER
fixed length control field 00759nam a2200241 i 4500
001 - CONTROL NUMBER
control field C2-0288568
003 - CONTROL NUMBER IDENTIFIER
control field PPAK
005 - DATE AND TIME OF LATEST TRANSACTION
control field 20180728021638.0
008 - FIXED-LENGTH DATA ELEMENTS--GENERAL INFORMATION
fixed length control field 080521s1997 my |||| ||||| | may d
040 ## - CATALOGING SOURCE
Original cataloging agency PPAK
Language of cataloging eng
Transcribing agency PPAK
Description conventions rda
082 04 - DEWEY DECIMAL CLASSIFICATION NUMBER
Classification number 808.025
Edition number 23
090 00 - LOCALLY ASSIGNED LC-TYPE CALL NUMBER (OCLC); LOCAL CALL NUMBER (RLIN)
Classification number (OCLC) (R) ; Classification number, CALL (RLIN) (NR) 808.025
Feature heading PEM
Feature heading KSS
245 00 - TITLE STATEMENT
Title Pembudayaan teknologi maklumat sebagai penyuluh ke abad baru
264 #1 - PRODUCTION, PUBLICATION, DISTRIBUTION, MANUFACTURE, AND COPYRIGHT NOTICE
Place of production, publication, distribution, manufacture Ampang, Selangor :
Name of producer, publisher, distributor, manufacturer Majlis Sains dan Teknologi, Pergerakan Pemuda UMNO Malaysia ,
Date of production, publication, distribution, manufacture, or copyright notice 1997
300 ## - PHYSICAL DESCRIPTION
Extent iii, 54 pages ;
Dimensions 23 cm
336 ## - CONTENT TYPE
Source rdacontent
Content type term text
337 ## - MEDIA TYPE
Source rdamedia
Media type term unmediated
338 ## - CARRIER TYPE
Source rdacarrier
Carrier type term volume
650 10 - SUBJECT ADDED ENTRY--TOPICAL TERM
Topical term or geographic name entry element Authorship
700 0# - ADDED ENTRY--PERSONAL NAME
Personal name Aziz bin Deraman,
Titles and other words associated with a name Prof. Madya Dr.
Relator term editor
Personal name Zein Isma bin Ismail
Relator term editor
942 ## - ADDED ENTRY ELEMENTS (KOHA)
-- dc
Koha item type Book
Holdings
Withdrawn Not for loan Current library Shelving location Date acquired Full call number Barcode Date last seen Koha item type
  Not For Loan Perpustakaan Alor Setar Koleksi Shaidun Shaari 07/07/2010 KSS 808.025 PEM A00507532 09/05/2018 Book